Crop loss in rubber due to abnormal leaf fall: An analysis on the economic feasibility of plant protection in India (Record no. 53067)

MARC details
000 -LEADER
fixed length control field 00601nam a2200145Ia 4500
100 ## - MAIN ENTRY--AUTHOR NAME
Personal name Viswanathan P.K.
245 #0 - TITLE STATEMENT
Title Crop loss in rubber due to abnormal leaf fall: An analysis on the economic feasibility of plant protection in India
260 ## - PUBLICATION, DISTRIBUTION, ETC. (IMPRINT)
Name of publisher In: Preprints of Papers. International Natural Rubber Conference, India 2005, 6-8 November 2005, Rubber Research Institute of India, Kottayam, Kerala, India, pp. 569-579.
Year of publication 2005
650 ## - SUBJECT ADDED ENTRY--TOPICAL TERM
Topical Term Abnormal leaf fall
650 ## - SUBJECT ADDED ENTRY--TOPICAL TERM
Topical Term Crop loss
700 ## - ADDED ENTRY--PERSONAL NAME
Personal name George K.T.
700 ## - ADDED ENTRY--PERSONAL NAME
Personal name Jacob C.K.
942 ## - ADDED ENTRY ELEMENTS (KOHA)
Koha item type Bibliography STAF
Holdings
Withdrawn status Lost status Damaged status Not for loan Home library Current library Date acquired Koha item type
      Bibliography RRII Library RRII Library 09/04/2014 Bibliography STAF